000 00787cam a2200241 4500
001 agr67000316
003 DLC
005 20260227111027.0
008 691210s1967 dcua 000 0 eng c
010 _aagr67000316
040 _aU.S. Nat'l Agr. Libr.
_cDLC
_dDLC
050 1 0 _aS21
_b.A483 no. 496
070 0 _a1Ag84L no. 496 1967
100 1 _aPhillips, William M.,
_d1922-
245 1 0 _aField bindweed and its control
_c[by W. M. Phillips.
250 _aRev.
260 _aWashington,
_bU.S. Govt. Print. Off.,
_c1967]
300 _a7 p.
_billus.
_c24 cm.
490 1 _aUnited States. Dept. of Agriculture. Leaflet ;
_vno. 496
650 0 _aField bindweed
_xControl.
650 3 _aConvolvulus arvensis.
830 0 _aLeaflet (United States. Department of Agriculture) ;
_vno. 496.
999 _c12258
_d12258